| 000 | 01447cam a22003494i 4500 | ||
|---|---|---|---|
| 003 | PE-LiUPU | ||
| 005 | 20250731175630.0 | ||
| 008 | 150623s r 000 0 d | ||
| 035 | _a(Sirsi) a29413 | ||
| 040 |
_aPE-LiUPU _bspa _cPE-LiUPU _erda |
||
| 082 | 0 | 4 |
_a465.6 _bA473a _223 |
| 100 | 1 |
_aAlvarez Martinez, M. Angeles, _eautor. |
|
| 245 | 1 | 3 |
_aEl articulo como entidad funcional en el español de hoy / _cMa. Angeles Alvarez Martínez. |
| 264 | 1 |
_aMadrid, España : _bEditorial Gredos, _c1986. |
|
| 300 |
_a281 páginas : _bIlustraciones, diagramas ; _c20 centímetros. |
||
| 336 |
_atext _2rdacontent |
||
| 337 |
_aunmediated _2rdamedia |
||
| 338 |
_avolume _2rdacarrier |
||
| 490 |
_a(Biblioteca Románica Hispánica : _vII. Estudios y ensayos, 350) |
||
| 505 | _a¿Qué es el artículo? panorámica de las diferentes teorías -- Los morfemas nominales -- El valor transpositor del artículo en los nombres -- Los determinantes y el artículo -- El artículo y las funciones sintácticas -- Pertinencia del artículo en la transposición de oraciones a sustantivo, adjetivo y adverbio. | ||
| 526 | _aP145 | ||
| 526 | _aP127 | ||
| 526 | _aP97 | ||
| 526 | _aP35 | ||
| 526 | _aP14 | ||
| 526 | _aP07 | ||
| 650 | 0 |
_aArtículo (Gramática) _91868 |
|
| 650 | 0 |
_aEspañol _xArtículo _91869 |
|
| 942 |
_2ddc _cBK |
||
| 980 |
_81 _gALBERTO SANCHEZ Responsable de Automatización |
||
| 999 |
_c36768 _d36768 |
||